LEADER 01012nam0-2200349---450- 001 990009662070403321 005 20130122143829.0 010 $a978-88-15-12765-5 035 $a000966207 035 $aFED01000966207 035 $a(Aleph)000966207FED01 035 $a000966207 100 $a20130107d2009----km-y0itay50------ba 101 0 $aita 102 $aIT 105 $aa-------001yy 200 1 $a<>Spagna di Zapatero$ea cura di Anna Bosco e Ignacio Sanchez-Cuenca 210 $aBologna$cIl mulino$d2009 215 $a238 p.$cill.$d22 cm 225 1 $aElezioni, governi, democrazia 610 0 $aZapatero, Jose Luis Rodriguez 676 $a946.083$v22$zita 702 1$aBosco,$bAnna 702 1$aSánchez-Cuenca,$bIgnacio 712 02$aFondazione di ricerca Istituto Carlo Cattaneo 801 0$aIT$bUNINA$gREICAT$2UNIMARC 901 $aBK 912 $a990009662070403321 952 $aXIV B 2355$b47662$fFSPBC 959 $aFSPBC 996 $aSpagna di Zapatero$9840819 997 $aUNINA LEADER 01059nam0-2200313---450- 001 990008538890403321 005 20070717095317.0 010 $a978-88-7758-735-0 035 $a000853889 035 $aFED01000853889 035 $a(Aleph)000853889FED01 035 $a000853889 100 $a20070717d2007----km-y0itay50------ba 101 0 $aita 102 $aIT 105 $aa-------001yy 200 1 $aCavalieri dell'ordine di Malta$ecinquant'anni di intellighénzia siciliana al servizio del Governo dell'Ordine da Ernesto Paternò Castello a Carlo Marullo di Condojanni$fConcetta Forza 210 $aPalermo$cDario Flaccovio$d2007 215 $a159 p.$cill.$d24 cm 610 0 $aSovrano militare ordine ospedaliero di San Giovanni di Gerusalemme di Rodi e di Malta 676 $a271.7912 700 1$aForza,$bConcetta$0302486 801 0$aIT$bUNINA$gRICA$2UNIMARC 901 $aBK 912 $a990008538890403321 952 $a271.791 FOR 1$bBibl.56256$fFLFBC 959 $aFLFBC 996 $aCavalieri dell'ordine di Malta$9710177 997 $aUNINA